000 00590nam a2200193 4500
001 115934
003 ES-MaACL
007 t|
008 061121s1980 sp r ||||1| spa d
100 1 _aPancorbo, Luis.
_988748
245 1 0 _aEsos pólenes oscuros
_b: novela /
_cLuis Pancorbo.
250 _a[1ª ed.].
260 _aBarcelona :
_bPlaneta,
_c1980.
300 _a283 p. ;
_c19 cm.
490 1 _aColección Autores españoles e hispanoamericanos
830 0 _aColección Autores españoles e hispanoamericanos
_9184325
852 _aES-MaACL
_jL-6619
_bR.107312
999 _c115934
_d115934